000 00656nam a22001817a 4500
005 20251108164235.0
008 250721s1983 xx 000 0 ara d
082 1 4 _a621.3/سيد
100 1 _aسيد أ، نزار
245 1 0 _aنظريات و مسائل في الماكينات الكهربائية و الكهروميكانيكيات /
264 1 _aالقاهرة :
_bالدار الدولية للنشر،
_c1983.
300 _a245ص
650 1 7 _aالهندسة الكهربائية
650 1 7 _aالمسائل و التمارين
700 1 _aأبو شادي، سراج الدين السيد
_eترجمة
942 _2ddc
_cBK
999 _c7194
_d7194